01803nkc a2200265za 450000100060000000300040000600500170001000700070002700800410003404000240007524501310009924600770023026000340030730000950034150002850043650003570072150000880107854400770116661000510124365100180129465500350131271000280134785200120137585601500138784540OSt20260423155037.0kh boc250410s1909 sp ||||| ||||||0| i|spa d cM-RABAaM-RABAbspa03aEl emperador Teodosio va a entrar en el templo de Milán y San Ambrosio se lo impide h[Material gráfico]c/ José Tomás aSan Ambrosio impide al Emperador Teodosio entrar en el templo de Milán b[Hauser y Menet]c,[ca. 1909] a1 fotografíab: gelatina de platac; imagen 20 x 12 cm c; soporte secundario 30 x 24 cm aFotografía del relieve "San Ambrosio impide al Emperador Teodosio entrar en el templo de Milán" de José Tomás, obteniendo el primer premio de la clase primera en 1757. Se conserva en el Museo de la Real Academia de Bellas Artes de San Fernando con nº de inventario E-246. aUna fotografía montada sobre un soporte secundario de cartón, con texto manuscrito a lápiz en la parte inferior al recto: "El emperador Teodosio va a entrar en el templo de Milán y San Ambrosio se lo impide. D. José Tomás. Académico de mérito en 1757". Nota manuscrita al verso a lápiz rojo: "1757-1ª clase / Académico de mérito" aFecha probable de la realización de la fotografía realizada por Hauser y Menet. aArchivo de la Real Academia de Bellas Artes de San Fernando (Le-4-29-1) 24aReal Academia de Bellas Artes de San Fernando. 7aMadrid2embne 7aFotografías de obras de arte2 aHauser y Menet (Madrid) jFot-597 3Fot-597uhttps://archivoybiblioteca.realacademiabellasartessanfernando.com/cgi-bin/koha/opac-retrieve-file.pl?id=28fd957d7c733be63ac1cf36bd21052e